Penguin book of french shorts stories (Record no. 3745)

MARC details
000 -LEADER
fixed length control field 00340nam a22001337a 4500
008 - FIXED-LENGTH DATA ELEMENTS--GENERAL INFORMATION
fixed length control field 250602b |||||||| |||| 00| 0 eng d
020 ## - INTERNATIONAL STANDARD BOOK NUMBER
ISBN 9780241462003
245 ## - TITLE STATEMENT
Title Penguin book of french shorts stories
260 ## - PUBLICATION, DISTRIBUTION, ETC. (IMPRINT)
Place of publication uk
Name of publisher penguin random house
Date of publication 2022
300 ## - COLLATION
Pagination 483
650 ## - TRACINGS
Main Subject short stories
942 ## - ADDED ENTRY ELEMENTS (KOHA)
Item type Books
050 ## - LIBRARY OF CONGRESS CALL NUMBER
Classification number PZ 1. M324
Item number .P 46
Holdings
Source of classification or shelving scheme Not for loan Permanent location Current location Date acquired Accession No. Full call number Barcode. Koha item type
Library of Congress Classification   Samuel Ogbemudia Main Library, University of Abuja Samuel Ogbemudia Main Library, University of Abuja 06/02/2025 2024/64084 PZ 1,M 324 .P46 2025-2313 Books